<?xml version="1.0" encoding="UTF-8"?>
<collection xmlns="http://www.loc.gov/MARC21/slim">
 <record>
  <leader>01441pam a22002898a 4500</leader>
  <controlfield tag="001">00017460</controlfield>
  <controlfield tag="005">20190805160857.0</controlfield>
  <controlfield tag="008">110420s2006                  ||||||Viesd</controlfield>
  <datafield tag="020" ind1="#" ind2="#">
   <subfield code="c">35000</subfield>
  </datafield>
  <datafield tag="041" ind1="0" ind2="#">
   <subfield code="a">Vie</subfield>
  </datafield>
  <datafield tag="082" ind1="1" ind2="4">
   <subfield code="a">915.97</subfield>
   <subfield code="b">Đ301L</subfield>
  </datafield>
  <datafield tag="100" ind1="0" ind2="#">
   <subfield code="e">Chủ biên</subfield>
   <subfield code="a">Lê Thông</subfield>
  </datafield>
  <datafield tag="245" ind1="0" ind2="0">
   <subfield code="a">Địa lí ba vùng kinh tế trọng điểm ở Việt Nam</subfield>
   <subfield code="c">Lê Thông, Đỗ Anh Dũng, Vũ Mai Huế, Nguyễn Thị Lê Phương</subfield>
  </datafield>
  <datafield tag="260" ind1="#" ind2="#">
   <subfield code="a">Hà Nội</subfield>
   <subfield code="b">Giáo dục</subfield>
   <subfield code="c">2006</subfield>
  </datafield>
  <datafield tag="300" ind1="#" ind2="#">
   <subfield code="a">347tr.</subfield>
   <subfield code="b">Bảng</subfield>
   <subfield code="c">24cm.</subfield>
  </datafield>
  <datafield tag="650" ind1="#" ind2="4">
   <subfield code="a">Kinh tế</subfield>
  </datafield>
  <datafield tag="650" ind1="#" ind2="4">
   <subfield code="a">Việt Nam</subfield>
  </datafield>
  <datafield tag="650" ind1="#" ind2="4">
   <subfield code="a">Địa lý</subfield>
  </datafield>
  <datafield tag="653" ind1="#" ind2="#">
   <subfield code="a">Vùng kinh tế trọng điệm</subfield>
  </datafield>
  <datafield tag="700" ind1="0" ind2="#">
   <subfield code="a">Nguyễn Thị Lê Phương</subfield>
  </datafield>
  <datafield tag="700" ind1="0" ind2="#">
   <subfield code="a">Vũ Mai Huế</subfield>
  </datafield>
  <datafield tag="700" ind1="0" ind2="#">
   <subfield code="a">Đỗ Anh Dũng</subfield>
  </datafield>
  <datafield tag="852" ind1="#" ind2="#">
   <subfield code="b">Kho mượn</subfield>
   <subfield code="j">KM.0003412, KM.0003413, KM.0003414, KM.0003415</subfield>
  </datafield>
  <datafield tag="852" ind1="#" ind2="#">
   <subfield code="b">Kho đọc</subfield>
   <subfield code="j">KD.0002912</subfield>
  </datafield>
  <datafield tag="852" ind1="#" ind2="#">
   <subfield code="j">KD.0002912</subfield>
   <subfield code="j">KM.0003412</subfield>
   <subfield code="j">KM.0003414</subfield>
   <subfield code="j">KM.0003415</subfield>
   <subfield code="j">KM.0003413</subfield>
   <subfield code="j">KM.0032575</subfield>
   <subfield code="j">KM.0032576</subfield>
   <subfield code="j">KM.0032577</subfield>
   <subfield code="j">KM.0032578</subfield>
   <subfield code="j">KM.0032579</subfield>
   <subfield code="j">KM.0032580</subfield>
   <subfield code="j">KM.0032581</subfield>
   <subfield code="j">KM.0032582</subfield>
   <subfield code="j">KM.0032583</subfield>
   <subfield code="j">KM.0032584</subfield>
   <subfield code="j">KM.0032585</subfield>
   <subfield code="j">KM.0032586</subfield>
   <subfield code="j">KM.0032587</subfield>
   <subfield code="j">KM.0032588</subfield>
   <subfield code="j">KM.0032589</subfield>
   <subfield code="j">KM.0032590</subfield>
   <subfield code="j">KM.0032591</subfield>
   <subfield code="j">KM.0032592</subfield>
   <subfield code="j">KM.0032593</subfield>
   <subfield code="j">KM.0032594</subfield>
   <subfield code="j">KM.0032595</subfield>
   <subfield code="j">KM.0032596</subfield>
   <subfield code="j">KM.0032597</subfield>
   <subfield code="j">KM.0032598</subfield>
   <subfield code="j">KM.0032599</subfield>
   <subfield code="j">KM.0032600</subfield>
   <subfield code="j">KM.0032601</subfield>
   <subfield code="j">KM.0032602</subfield>
  </datafield>
  <datafield tag="910" ind1="#" ind2="#">
   <subfield code="d">20/04/2011</subfield>
   <subfield code="e">dtchanh</subfield>
   <subfield code="f">05/08/2019</subfield>
  </datafield>
  <datafield tag="980" ind1="#" ind2="#">
   <subfield code="a">Trung tâm Học liệu Lê Vũ Hùng, Trường Đại học Đồng Tháp</subfield>
  </datafield>
 </record>
</collection>
